[Event "Mitropa Cup 15th"]
[Site "Bad Woerishofen"]
[Date "1993.??.??"]
[Round "?"]
[White "Rasik, Vitezslav"]
[Black "Herzog, Adolf"]
[Result "0-1"]
[WhiteElo "2405"]
[BlackElo "2345"]
[PlyCount "134"]
[EventDate "1993.01.??"]
[EventType "team-tourn"]
[EventRounds "7"]
[EventCountry "GER"]
[Source "ChessBase"]
[SourceDate "1993.06.01"]

1. e4 e6 2. d4 d5 3. Nd2 c5 4. Ngf3 cxd4 5. exd5 Qxd5 6. Bc4 Qd6 7. O-O Nf6 8.
Nb3 Nc6 9. Nbxd4 Nxd4 10. Qxd4 Qxd4 11. Nxd4 Bd7 12. b3 Bc5 13. Bb2 Ke7 14. Be2
Rac8 15. c4 Rhd8 16. Bf3 Rc7 17. Rad1 Bc8 18. Nb5 Rcd7 19. Rxd7+ Rxd7 20. b4
Bxb4 21. Nxa7 Kd8 22. Rb1 Bc5 23. Nxc8 Kxc8 24. Bc3 b6 25. Kf1 Ra7 26. Rb2 Ra4
27. Be2 Ne8 28. Be5 f6 29. Bg3 e5 30. f4 Bd4 31. Rd2 Nc7 32. fxe5 fxe5 33. Bf2
Bxf2 34. Kxf2 Na6 35. Bg4+ Kc7 36. Rd7+ Kc6 37. Rxg7 Rxa2+ 38. Be2 Kc5 39. Rxh7
Kd4 40. Ra7 Ra5 41. Rd7+ Kc3 42. Rd3+ Kc2 43. Rd6 Nc5 44. Rxb6 Ra3 45. h4 Ne4+
46. Kg1 Ng3 47. Bg4 e4 48. h5 e3 49. h6 Ra7 50. Kh2 e2 51. Bxe2 Nxe2 52. g4 Kd3
53. g5 Nf4 54. g6 Ra2+ 55. Kg1 Nh3+ 56. Kf1 Rf2+ 57. Ke1 Re2+ 58. Kd1 Nf2+ 59.
Kc1 Kc3 60. Kb1 Ne4 61. h7 Nd2+ 62. Ka2 Nxc4+ 63. Ka1 Re8 64. Rd6 Nxd6 65. g7
Ra8+ 66. Kb1 Nc4 67. g8=Q Nd2+ 0-1

[Event "Mitropa Cup 15th"]
[Site "Bad Woerishofen"]
[Date "1993.??.??"]
[Round "?"]
[White "Rasik, Vitezslav"]
[Black "Knaak, Rainer"]
[Result "0-1"]
[WhiteElo "2405"]
[BlackElo "2515"]
[Annotator "Knaak,R"]
[PlyCount "84"]
[EventDate "1993.01.??"]
[EventType "team-tourn"]
[EventRounds "7"]
[EventCountry "GER"]
[Source "ChessBase"]
[SourceDate "1993.06.01"]

1. e4 e6 2. d4 d5 3. Nd2 Nf6 4. e5 Nfd7 5. Bd3 c5 6. c3 Nc6 7. Ngf3 Be7 (7...
b6 $5 8. Nf1 $1 $14 (8. O-O g5 $36)) 8. O-O b6 $5 $146 9. a3 $6 (9. Re1 cxd4
10. cxd4 Nb4 11. Bb1 $1 Ba6 12. Re3 $13) 9... a5 10. Re1 c4 $1 11. Bc2 $6 (11.
Be2 b5 12. b3 $13) 11... b5 12. b3 $2 cxb3 13. Nxb3 a4 14. Nbd2 Nb6 $17 15. Rb1
Na7 16. Bd3 Bd7 17. Qc2 Qc7 18. Re3 Nc4 19. Nxc4 bxc4 20. Bxh7 Nb5 $2 (20...
Kd8 $17) 21. h4 $1 $13 O-O-O $5 (21... g6 $2 22. Bxg6 fxg6 23. Qxg6+ Kd8 24.
Ng5 Bxg5 25. hxg5 $16) (21... Nxa3 $2 22. Bxa3 Bxa3 23. Ng5 $1 {/\ Nxf7!}) 22.
Qxa4 Rxh7 (22... Bc6 $5 23. Qa6+ Kd7 24. Rxb5 Rxh7 25. Rb1 Rb8 $1 $36) 23. Qa8+
Qb8 24. Qxb8+ Kxb8 25. a4 Rdh8 26. Re1 (26. g3 g5 27. axb5 gxh4 28. g4 $13)
26... Bxh4 27. g3 Be7 28. axb5 $4 Rh1+ 29. Kg2 R8h2+ $1 30. Nxh2 Rxe1 $19 31.
Nf3 Rd1 32. Ra1 Kb7 33. Nd2 (33. Bb2 Rxa1 34. Bxa1 Kb6 $19) 33... f6 34. Kf3
Be8 35. Ke2 Rh1 36. Bb2 Bh5+ 37. Nf3 $6 Rxa1 38. Bxa1 Ba3 39. Ke3 Bc1+ 40. Nd2
Bd1 41. g4 Kb6 42. f4 Bxg4 0-1

[Event "Mitropa Cup 15th"]
[Site "Bad Woerishofen"]
[Date "1993.??.??"]
[Round "?"]
[White "Rasik, Vitezslav"]
[Black "Wirthensohn, Heinz"]
[Result "1-0"]
[WhiteElo "2405"]
[BlackElo "2400"]
[PlyCount "129"]
[EventDate "1993.01.??"]
[EventType "team-tourn"]
[EventRounds "7"]
[EventCountry "GER"]
[Source "ChessBase"]
[SourceDate "1993.06.01"]

1. e4 c5 2. Nf3 Nc6 3. Bb5 g6 4. O-O Bg7 5. c3 Nf6 6. Re1 O-O 7. e5 Nd5 8. d4
cxd4 9. cxd4 Nc7 10. Ba4 d6 11. Bxc6 bxc6 12. Nc3 Bg4 13. h3 Bxf3 14. Qxf3 Ne6
15. Be3 dxe5 16. dxe5 Qc7 17. Rac1 Qxe5 18. Qxc6 Qa5 19. Nd5 Bxb2 20. Nxe7+ Kh8
21. Re2 Bg7 22. Qc4 a6 23. a4 Rfe8 24. Nc6 Qf5 25. Rd2 Rec8 26. Rd5 Qf6 27. Rd7
Qf5 28. Qg4 Qxg4 29. hxg4 Rc7 30. Rxc7 Nxc7 31. Rd1 Ne6 32. Rd6 Bc3 33. Na7 a5
34. Rd7 Kg8 35. f4 Rd8 36. Rxd8+ Nxd8 37. Bb6 Ne6 38. g3 Bd4+ 39. Bxd4 Nxd4 40.
Kf2 Ne6 41. Nc8 Kf8 42. Ke3 Ke8 43. Nd6+ Ke7 44. Nb7 f5 45. gxf5 gxf5 46. Nxa5
Nc5 47. Kd4 Nxa4 48. Ke5 Nc5 49. Nc6+ Kf7 50. Kxf5 Kg7 51. Nd8 Nd7 52. Ne6+ Kf7
53. Ng5+ Kg7 54. Ne4 Nf8 55. Nc5 Kf7 56. Kg5 Kg7 57. f5 h6+ 58. Kh5 Nh7 59.
Ne6+ Kf6 60. g4 Ke5 61. Kxh6 Nf6 62. Kg5 Ne4+ 63. Kg6 Nf6 64. g5 Nd5 65. Ng7
1-0

[Event "Mitropa Cup 15th"]
[Site "Bad Woerishofen"]
[Date "1993.??.??"]
[Round "?"]
[White "Robatsch, Karl"]
[Black "Huebner, Robert"]
[Result "0-1"]
[WhiteElo "2410"]
[BlackElo "2620"]
[Annotator "Huebner,R"]
[PlyCount "112"]
[EventDate "1993.01.??"]
[EventType "team-tourn"]
[EventRounds "7"]
[EventCountry "GER"]
[Source "ChessBase"]
[SourceDate "1993.06.01"]

{Die Zahlen geben die bis zur Zeitkontrolle nach dem 40.Zug verbleibende Zeit
in Minuten an.} 1. Nf3 {120} Nf6 {120} 2. c4 {120} e6 {120} 3. Nc3 {120} c5 {
119} 4. g3 {119} d5 {118} 5. cxd5 {119} exd5 {118} 6. d4 {119} Nc6 {118} 7. Bg2
{119} Be7 {118} 8. O-O {119} O-O {118} 9. Bg5 {119} cxd4 {115} 10. Nxd4 {119}
h6 {115} 11. Be3 {119} Re8 {109} 12. Rc1 {118} Bf8 {107} 13. Na4 {DIAGRAMM 117}
(13. Nxc6 bxc6 14. Na4) 13... Qa5 $2 {95 /\ Nc6-e5} (13... Bd7 14. Nc5 (14.
Nxc6 bxc6 15. Bc5 Bxc5 16. Nxc5 Bg4 17. Re1 {Weiß hat einen kleinen, aber
dauerhaften Vorteil. Vgl. ECO D [2.Auflage 34/36 Fußnote 209]}) 14... Ne5 15.
Nxd7 (15. b3 Bg4 $10) (15. Nxb7 Qb6 16. Qb3 Nc4 17. Bxd5 Nxd5 18. Rxc4 Nxe3 {
Dies sieht nicht besonders empfehlenwert für Weis aus.}) 15... Qxd7 16. b3 {
Weiß hat einen kleinen aber dauerhaften Vorteil.}) (13... Ne5 {Empfohlen in
ECO D [2.Auflage 34/36 Fußnote 205]} 14. Nb5 {DIAGRAMM} Nc4 (14... Nc6 15. Bf4)
15. Bd4 {Die Drohungen 16.Bf6 und 16.b3 sind recht unangenehm.} Bg4 16. Re1 {
Dies verändert nicht die vorhergehende Einschätzung. Der Springer auf c4 steht
auf schwachen Füßen.} a6 17. Nbc3 b5 18. b3) 14. a3 $2 {112} (14. Nxc6 bxc6 15.
Rxc6 Bd7 16. Bd2 Bb4 (16... Qb5 17. Rxf6) 17. Rc5 Qxa4 18. Qxa4 Bxa4 19. Bxb4
Rxe2 20. Ra5 {Hiernach kann Schwarz nur noch darum kämpfen, ein miserabel
stehendes Endspiel zu retten. ECO D [2.Auflage 34/36, Fußnote 207]}) 14... Ne5
{92} 15. Bd2 {DIAGRAMM 83} Qd8 $2 (15... Qa6 16. Nc5 (16. Bb4 Bxb4 17. axb4 Bg4
$10) (16. Qb3 Nc4 17. Rfd1 (17. Bb4 Bd7 {Weiß hat Mühe, Materialverlust zu
vermeiden.} 18. Nc5 Bxc5 19. Bxc5 Nd2) 17... Be6 {DIAGRAMM Schwarz steht nicht
schlechter.}) 16... Bxc5 17. Rxc5 Qb6 18. Bb4 (18. Qc2 Ned7 {Mit
Qualitätsgewinn.}) (18. b4 Ned7 {Mit Qualitätsgewinn.}) (18. Nb3 Bd7 {Auch
hier hat Schwarz ausgezeichnete Möglichkeiten.}) 18... a5 19. Rb5 Qc7 20. Rc5 (
20. Bc5 Bd7 21. Bb6 Qd6 22. Bc5 Qb8 23. Rb6 Nc4 {Weiß verliert Material.})
20... Qd8 (20... Qb6 $10) 21. Be1 b6 22. Rc2 Ba6 {Mit vorzüglichem Spiel für
Schwarz.}) 16. Qb3 {75} Nc4 {62} 17. Rfd1 {71 /\ 18.Be1 und hiernach bricht
die dünne Zentralstruktur des Schwarzen  zusammen.} Nxd2 {51} 18. Rxd2 {71} Ne4
{51} 19. Rdd1 {58} (19. Bxe4 dxe4 {Schwarz steht nicht schlechter. Die Dame
findet auf f6 einen sicheren und effektiven Platz.}) 19... Qf6 {46} 20. Bf3 {41
} Ng5 {39} 21. Nc3 {35 Auf Läuferzüge folgt Nh3.} (21. Qxd5 Rd8) 21... Nxf3+ {
DIAGRAMM 35} 22. Nxf3 $2 {35 Hiernach kann Schwarz sich halten.} (22. exf3 Be6
23. Qxb7 (23. Nxd5 Bxd5 24. Qxd5 Rad8) 23... Rab8 24. Qc6 Rec8 25. Nxd5 (25.
Qa6 Rc4 (25... Rxb2 26. Nxd5) 26. Ncb5 Bc5 {Schwarz hat Gegenspiel.}) 25...
Bxd5 26. Qxd5 Rxc1 27. Rxc1 Rxb2 28. Rc8 {DIAGRAMM} Qe7 (28... Rd2 29. Qc5 Rxd4
(29... Qxd4 30. Rxf8+ Kh7 31. Qxd4 Rxd4 32. Rxf7 Ra4 33. f4 $18) 30. Rxf8+ Kh7
31. Kg2 {Weiß hat ausgezeichnete Gewinnaussichten.}) 29. Kg2 {Schwarz schwebt
in höchster Gefahr.} Qxa3 (29... Qe1 30. Kh3) (29... g6 30. Nc6) 30. Rc7) 22...
Be6 {35} 23. Qxb7 {30} Rab8 {34} 24. Qxa7 {23} (24. Qc6 Rec8 25. Qa6 (25. Nxd5
Qxb2) 25... Rc4 {Schwarz kämpft erfolgreich um das Feld d4.} 26. Nxd5 $2 Bxd5)
24... Rxb2 {34} 25. Qe3 {20 /\ 26.Nd5} Rbb8 {26} 26. Qd3 {11} (26. a4 {Auch
hiermit erreicht Weiß nicht mehr als Remis.}) 26... Bxa3 {17} 27. Nxd5 {11}
Bxd5 {17} 28. Qxa3 {11} Ba8 $2 {17 Ein Gewinnversuch aufgrund des Standes im
Mannschaftswettkampf.} (28... Bxf3 $10) 29. Qd3 $2 (29. Nd4 {Weiß hat
Siegesaussichten.}) 29... Qe6 $2 {13} (29... Bxf3) 30. Nd4 {DIAGRAMM 6} Qh3 {11
} 31. f3 {6} Rbd8 {9} (31... Re5 32. e4 {/\ 32.Rc2}) 32. Rc2 {4} (32. e4 {/\
33.Qe3}) 32... Rd6 {6 Dies ist einigermaßen sinnlos, doch was soll Schwarz tun?
} 33. Rcd2 {4} Qd7 34. Qb5 {2} (34. e4 Bc6 35. Qc3 {/\ 36.Nf5}) (34. Qc3 {/\
35.Nf5} Qa7 35. Kf1 (35. Kg2 {Ungenau} Rxd4 36. Qxd4 Qxd4 37. Rxd4 Rxe2+ {/\
37... Bf3 =})) 34... Bc6 {DIAGRAMM 4} 35. Qf5 {(?) 2} (35. Qb4 {Hiernach muß
Schwarz weiterhin um das Remis kämpfen.}) 35... Qa7 {4 Aufgrund der letzten
Züge des Anziehenden, versucht Schwarz, weiterhin auf Gwinn zu spielen.} (35...
Rxd4 36. Qxd7 Rxd7 37. Rxd7 Bxd7 38. Rxd7 Rxe2 $10) 36. Qf4 {1 Hier steht die
Dame nicht besonders glücklich; wie der weitere Partieverlauf zeigt. Es
besteht aber keine ernsthafte Gefahr für Weiß.} (36. Qd3 Red8 {/\ 37... Ba4}
37. e3 Bxf3) (36. Kg2 Ba4 (36... Rxd4 37. Rxd4 Rxe2+ 38. Kh3 {Schwarz erreicht
nichts, da er selber auf matt steht.}) 37. Nb5 {DIAGRAMM} Bxd1 (37... Bxb5 38.
Qxb5 {Weiß hat keine Probleme.}) (37... Rxd2 38. Rxd2 Qa5 39. Rb2 g6 (39... Rb8
40. Nd6) 40. Qd5 Bxb5 $10 (40... Rb8 41. Nc3)) 38. Nxd6 (38. Rxd1 Rxe2+ 39. Kh3
Rxh2+ 40. Kxh2 Qa2+ $19) 38... Rxe2+ 39. Rxe2 Bxe2 40. Qc8+ Kh7 41. Qc2+ $18) (
36. Kf1 Ba4 (36... Bd7 37. Qd3 {Weiß wird sich mit e2-e3 daerhaft
konsolidieren können.}) 37. Nb5 Bxd1 (37... Rxd2 38. Rxd2 Qa5 39. Nd6 Qxd2 40.
Qxf7+ Kh8 41. Nxe8 {Diese Zugfolge bringt Schwarz in Schwierigkeiten.}) (37...
Bxb5 38. Qxb5 {Mit angenehmer Gefahrlosigkeit für Weiß.}) 38. Nxd6 Bxe2+ 39.
Kg2 (39. Rxe2 Qa1+ 40. Kf2 Qd4+ 41. Ke1 {Auch hier ist kein Gewinn für Schwarz
zu sehen.}) 39... Re6 (39... Re3 40. Qc8+ Kh7 41. Qc2+) 40. Ne4 g6 41. Qf4 {
DIAGRAMM Es ist keineswegs ausgemacht, daß Schwarz mit heiler Haut davonkommt.}
) 36... Rf6 {4} 37. Qg4 (37. Qh4 g5 38. Qh3 Ba4 39. Ra1 (39. Re1 Qa5 {Diese
Zugfolge kostet dem Weißen Material.}) (39. Rc1 Rd6 40. Rc4 Bb5 41. Rb4 Qc5 $19
) 39... Rd6 (39... Rxe2 40. Rxa4) 40. e3 (40. Qg4 Qc5 $19) 40... Qc5 (40...
Rxe3 41. Qc8+ {/\ 42.Qc4 Die ist für Schwarz auch nicht zuträglich.}) 41. Qf1
Qc3 42. Re2 {Weiß wehrt alle Gefahren ab.}) 37... Bd7 {3} 38. Qh5 {1} (38. Qh4
g5) 38... Ba4 {DIAGRAMM 3} 39. Ra1 {(?) 1} (39. Re1 {Plan: Stützung des
Springers mit e3.} g5 40. e3 Qa5 41. Rde2 {Schwarz kann den Druck nicht mehr
verstärken.}) (39. Rc1 {/\ 40.Qc5} g5 40. Kf2 {Diese Zugfolge dürfte auch
ausreichen.} Qe7 (40... Rd6 41. e3) 41. Rc3) 39... Rd6 {2} (39... Rxe2 40. Rxa4
) 40. Qg4 {1 Dieser Zug sollte zum Erreichen des Remis genügen.} (40. e3 Rxe3
41. Qg4 Qc5 (41... Re8 42. Kh1 {/\ 43.Nf5, 43.Nb5 Schwarz hat keine
Siegesaussichten mehr.}) 42. Qf4 {DIAGRAMM} (42. Kg2 Qc3 43. Raa2 g5 {/\ 44...
Bd7 -+}) 42... Re8 (42... Qc3 {Dies ist nicht das Beste.} 43. Qxd6 Qxa1+ (43...
Qxd2 44. Nf5 Re1+ 45. Rxe1 Qxe1+ 46. Kg2 Qe2+ 47. Kg1 Qxf3 48. Ne7+ Kh7 49. Qd8
{Der Nachziehende hat keine bedeutenden Siegesaussichten.}) 44. Kg2 {Wenn Weiß
sich sorgfältig verteidigt, hat Schwarz keine Gewinnchancen mehr.}) 43. Rxa4 (
43. Kg2 g5) 43... g5 44. Rc2 Qxc2 45. Nxc2 gxf4 $19) 40... Qc5 {1 Andere Züge
versprechen nichts.} 41. Rxa4 $2 $19 {35} (41. Qf4 Rf6 (41... g5 42. Qxd6 Qxd6
43. Rxa4 {Schwarz kann nicht gewinnen.}) 42. Qg4 {DIAGRAMM Schwarz kann nicht
weiterkommen.} Rd6 (42... Qc3 43. Raa2) (42... h5 43. Qh4 Rd6 44. Kf1 (44. Qf4)
44... g5 45. Qxh5 Rxd4 46. Rxd4 Qxd4 47. Qxg5+) 43. Qf4 Rd5 44. Kg2 g5 45. Qf6
Rd6 46. Qxd6) (41. Kg2 Bd7 42. Qf4 (42. Qh4 g5 $19) 42... g5 43. Ra5 Qb6 $19) (
41. e3 Bd7 42. Qh4 g5 43. Qh5 Rxe3 44. Rad1 Ba4 $19) 41... Qc1+ {61} 42. Kg2 {
29} Qxd2 {61 DIAGRAMM} 43. Kh3 {(?) 25} (43. Qf4 Rxe2+ (43... Qxf4 44. gxf4 {
Dies Endspiel dürfte für den Nachziehenden bei bester Verteidigung von Weiß
nicht zu gewinnen sein.}) (43... Rxd4 44. Rxd4 (44. Qxd4 Rxe2+ 45. Kh3 Rxh2+
46. Kg4 Qg5#) 44... Rxe2+ 45. Kh3 Rxh2+ 46. Kg4 h5+ 47. Kf5 (47. Kg5 Qa5+ 48.
Qf5 Qc7 {/\ 49... Qg3, 49... f6 -+}) 47... Qc2+ 48. Qe4 (48. Re4 Qc8+ 49. Ke5 (
49. Kg5 Qd8+ $19) 49... Qc5#) 48... Qc8+ 49. Kf4 h4 {DIAGRAMM Weiß wird auf
die Dauer  seinen König nicht ausreichend schützen können. Schwarz hat aber
noch beachtliche Mühe.}) 44. Nxe2 Qxe2+ 45. Kh3 Qf1+ 46. Kg4 Rg6+ 47. Kh4 Qg2
48. h3 (48. g4 Rxg4+ 49. Qxg4 (49. fxg4 g5+) 49... Qxh2+ 50. Qh3 g5+ 51. Kg4
f5+ $19) 48... Rg5 {DIAGRAMM   /\ 49... Rh5 50.Kh5 Qh3 51.Qh4 Qf5 -+} (48...
Rxg3 49. Ra8+ Kh7 50. Qf5+ Rg6 51. Rc8 {Weiß spielt f4, beläßt die Dame auf f5
und den Turm auf der achten Reihe, in dem Fall ist nicht zu sehen, wie Schwarz
dem König des Anziehenden beikommen kann.} (51. f4 Qxa8) 51... Qg3+ 52. Kh5
Qg5+ 53. Qxg5 Rxg5+ 54. Kh4 Kg6 55. f4 Rg1 56. Rc5 {Dies Turmendspiel ist
Remis.}) 49. Ra8+ (49. g4 Rb5 {/\ 50... g5 -+}) 49... Kh7 50. Qe4+ g6 {/\ 52...
Qf2 -+}) 43... Qd1 {57} 44. Nf5 {22} (44. Rc4 Qf1+ 45. Kh4 Qg2 46. Qh3 (46. h3
Rg6 47. Qf4 Rxg3 48. Qxg3 g5+ 49. Kg4 h5+ $19) 46... g5+ 47. Kg4 Rxd4+ 48. Rxd4
f5+ $19) 44... Rg6 {55} 45. Qf4 {18} Rxe2 {50} 46. g4 {14} Qf1+ 47. Kh4 Qf2+
48. Qg3 Qxh2+ 49. Qxh2 Rxh2+ 50. Kg3 Re2 51. Ra7 Rf6 52. Ne7+ Kf8 53. Nd5 Rd6
54. Nc3 Re7 55. Ra8+ Re8 56. Ra7 Rd3 0-1

[Event "Mitropa Cup 15th"]
[Site "Bad Woerishofen"]
[Date "1993.??.??"]
[Round "?"]
[White "Robatsch, Karl"]
[Black "Sosonko, Gennadi"]
[Result "1/2-1/2"]
[WhiteElo "2410"]
[BlackElo "2535"]
[PlyCount "33"]
[EventDate "1993.01.??"]
[EventType "team-tourn"]
[EventRounds "7"]
[EventCountry "GER"]
[Source "ChessBase"]
[SourceDate "1993.06.01"]

1. Nf3 d5 2. d4 Nf6 3. c4 e6 4. Nc3 Bb4 5. cxd5 exd5 6. Bg5 h6 7. Bxf6 Qxf6 8.
Qb3 c5 9. dxc5 Bxc3+ 10. bxc3 Qc6 11. Rd1 Be6 12. Nd4 Qxc5 13. e4 O-O 14. Be2
Nd7 15. O-O Nb6 16. Nxe6 fxe6 17. Bf3 1/2-1/2

[Event "Mitropa Cup 15th"]
[Site "Bad Woerishofen"]
[Date "1993.??.??"]
[Round "?"]
[White "Schlosser, Philipp"]
[Black "Priehoda, Vitezslav"]
[Result "1-0"]
[WhiteElo "2520"]
[BlackElo "2440"]
[PlyCount "78"]
[EventDate "1993.01.??"]
[EventType "team-tourn"]
[EventRounds "7"]
[EventCountry "GER"]
[Source "ChessBase"]
[SourceDate "1993.06.01"]

1. Nf3 Nf6 2. d4 c5 3. d5 e6 4. Nc3 exd5 5. Nxd5 Nxd5 6. Qxd5 Be7 7. e4 Nc6 8.
Bc4 O-O 9. O-O d6 10. c3 Na5 11. Be2 Be6 12. Qh5 h6 13. Rd1 Nc6 14. Bf4 Qd7 15.
Nd2 Rad8 16. Nc4 Qc7 17. Qxc5 b6 18. Qb5 f5 19. Ne3 fxe4 20. Nd5 Qb7 21. Nxe7+
Qxe7 22. Bg3 Na5 23. Qb4 Qf7 24. Qxe4 Bc4 25. Bxc4 Nxc4 26. b3 d5 27. Qg4 Nd6
28. Rd3 Ne4 29. Rf1 Rfe8 30. Bf4 Nf6 31. Qd1 Re4 32. Be3 Rde8 33. Bd4 Re2 34.
a4 Qg6 35. Rg3 Qf5 36. Be3 Qc2 37. Qd4 Kh7 38. Qh4 Re4 39. Qh3 Qxc3 1-0

[Event "Mitropa Cup 15th"]
[Site "Bad Woerishofen"]
[Date "1993.??.??"]
[Round "?"]
[White "Schlosser, Philipp"]
[Black "Van Mil, Johan"]
[Result "1-0"]
[WhiteElo "2520"]
[BlackElo "2435"]
[PlyCount "79"]
[EventDate "1993.01.??"]
[EventType "team-tourn"]
[EventRounds "7"]
[EventCountry "GER"]
[Source "ChessBase"]
[SourceDate "1993.06.01"]

1. d4 Nf6 2. c4 g6 3. Nc3 d5 4. Bg5 Ne4 5. Bf4 Nxc3 6. bxc3 Bg7 7. e3 c5 8. Nf3
cxd4 9. cxd4 Nc6 10. cxd5 Qxd5 11. Be2 b6 12. O-O Bb7 13. Rc1 O-O 14. Qa4 Rac8
15. Bc4 Qd7 16. Rfd1 Rfd8 17. Qb3 e6 18. Bb5 Qe7 19. Bg5 Bf6 20. Bxf6 Qxf6 21.
Qa4 Na5 22. Ne5 Qg5 23. Bf1 Qe7 24. a3 Qd6 25. Qb4 Qxb4 26. axb4 Nc6 27. Nxc6
Rxc6 28. Rxc6 Bxc6 29. Rc1 Be8 30. Ra1 Ra8 31. Ba6 Rb8 32. Rc1 b5 33. Rc7 Rb6
34. Rxa7 Rc6 35. f3 Kf8 36. Ra8 Rc1+ 37. Kf2 Ke7 38. Rb8 Rc2+ 39. Kg3 Re2 40.
Rxe8+ 1-0

[Event "Mitropa Cup 15th"]
[Site "Bad Woerishofen"]
[Date "1993.??.??"]
[Round "?"]
[White "Schlosser, Philipp"]
[Black "Wittmann, Walter"]
[Result "1/2-1/2"]
[WhiteElo "2520"]
[BlackElo "2400"]
[Annotator "Ribli"]
[PlyCount "98"]
[EventDate "1993.01.??"]
[EventType "team-tourn"]
[EventRounds "7"]
[EventCountry "GER"]
[Source "ChessBase"]
[SourceDate "1993.06.01"]

1. c4 g6 2. g3 Bg7 3. Bg2 d6 4. Nc3 Nf6 5. e4 c5 6. Nge2 Nc6 7. d3 O-O 8. O-O
a6 9. Rb1 (9. a4 $5) 9... Rb8 10. a4 (10. a3 b5 11. cxb5 axb5 12. b4 cxb4 13.
axb4 Be6 14. h3 Qd7 15. Nf4 Rfc8 $10 {Salov,V-Shirov,A  Moscow Alekhine 1992 
CBM/33}) 10... Ne8 (10... Bd7 11. h3 Ne8 12. Be3 Nc7 (12... Nd4 $5 13. b4 Nxe2+
14. Nxe2 cxb4 15. Rxb4 b5 16. Qb1 a5 $6 (16... Nc7 $5) 17. Rxb5 Bxb5 18. cxb5
$44) 13. d4 cxd4 14. Nxd4 Ne6 15. Nde2 Nc7 $2 (15... Ne5 $5) 16. Bb6 Qc8 17.
Nd5 Na8 18. Ba7 $16 {Webster,A-McFarland,R  BCF-ch 1992  EXP/30}) 11. Be3 Nc7
12. d4 cxd4 13. Nxd4 Ne5 14. b3 Ng4 15. Bc1 Ne6 16. Nde2 Bd7 17. h3 Ne5 18. f4
Nc6 19. Be3 Nb4 20. Qd2 b6 (20... b5 $6 21. Nd5 Nxd5 22. exd5 Nc5 23. axb5 axb5
24. b4 Na4 25. c5 $14) 21. Nd5 Nxd5 22. exd5 Nc5 23. Bd4 (23. Nd4 b5 $5) 23...
Bf5 (23... b5 24. axb5 axb5 25. Bxg7 Kxg7 26. b4 Na4 27. c5 $14) 24. Bxg7 Kxg7
25. Ra1 (25. Rbd1 $5) 25... Bd3 $1 26. b4 Bxe2 27. Qxe2 Nd7 28. Ra3 a5 $1 29.
b5 Rb7 30. Re3 Re8 31. g4 Rc7 32. g5 Qc8 33. Rxe7 (33. Rc1 Nc5 $13) 33... Rxe7
34. Qxe7 Rxc4 35. Kh2 (35. Qxd6 Rxa4 $13 (35... Qc5+ 36. Qxc5 Nxc5 37. Rd1 $36)
) 35... Rxa4 36. Qxd6 Ra2 37. f5 gxf5 38. Qc6 Qe8 39. d6 Qe5+ 40. Kh1 Qe2 (
40... Nc5 $5) 41. Rxf5 Rd2 42. Qc3+ Kg8 43. Qc8+ Kg7 44. Qc3+ Kg8 45. Qc8+ Nf8
46. Qb7 Qe6 47. Rd5 Qe1+ 48. Kh2 Rxg2+ 49. Kxg2 Qe2+ 1/2-1/2

[Event "Mitropa Cup 15th"]
[Site "Bad Woerishofen"]
[Date "1993.??.??"]
[Round "?"]
[White "Sermek, Drazen"]
[Black "Bosboom, Manuel"]
[Result "1-0"]
[WhiteElo "2495"]
[BlackElo "2425"]
[PlyCount "93"]
[EventDate "1993.01.??"]
[EventType "team-tourn"]
[EventRounds "7"]
[EventCountry "GER"]
[Source "ChessBase"]
[SourceDate "1993.06.01"]

1. e4 c5 2. c3 d5 3. exd5 Qxd5 4. d4 Nf6 5. Nf3 Nc6 6. Na3 Bg4 7. Be2 cxd4 8.
Nb5 Rc8 9. Nbxd4 Nxd4 10. Qxd4 Qxd4 11. Nxd4 Bxe2 12. Kxe2 e6 13. Bg5 Nd5 14.
Rad1 Rc5 15. Be3 Nxe3 16. fxe3 Rg5 17. g3 h5 18. Nf3 Ra5 19. a3 g5 20. h4 g4
21. Nd2 Ra4 22. Nb3 Ra6 23. Rd2 Bd6 24. Rhd1 Ke7 25. Na5 Rb8 26. b4 f5 27. Kf2
b5 28. c4 Rxa5 29. bxa5 Bxa3 30. Rd7+ Kf6 31. Rd8 Rxd8 32. Rxd8 bxc4 33. Ke2
Bb4 34. a6 Ke5 35. Rh8 c3 36. Kd3 c2 37. Kxc2 Ke4 38. Rxh5 Kxe3 39. Rh6 e5 40.
Re6 Kf3 41. h5 f4 42. Rf6 Be7 43. Rf7 Bg5 44. Rxa7 fxg3 45. Rf7+ Kg2 46. a7 Kh2
47. a8=Q 1-0

[Event "Mitropa Cup 15th"]
[Site "Bad Woerishofen"]
[Date "1993.??.??"]
[Round "?"]
[White "Sermek, Drazen"]
[Black "Herzog, Adolf"]
[Result "0-1"]
[WhiteElo "2495"]
[BlackElo "2345"]
[PlyCount "52"]
[EventDate "1993.01.??"]
[EventType "team-tourn"]
[EventRounds "7"]
[EventCountry "GER"]
[Source "ChessBase"]
[SourceDate "1993.06.01"]

1. e4 e6 2. d4 d5 3. Nd2 c5 4. exd5 exd5 5. Ngf3 Nc6 6. Bb5 Bd6 7. dxc5 Bxc5 8.
O-O Nge7 9. Nb3 Bb6 10. c3 O-O 11. Bd3 f6 12. Re1 Ng6 13. Be3 Bc7 14. Qc2 Nce5
15. Nxe5 fxe5 16. Rad1 e4 17. Bxe4 Bxh2+ 18. Kf1 Qh4 19. Bxd5+ Kh8 20. Rd4 Bg4
21. Be6 Ne5 22. Nd2 Bf4 23. Bxg4 Bxe3 24. Nf3 Nxf3 25. Bxf3 Bxd4 26. cxd4 Rxf3
0-1

[Event "Mitropa Cup 15th"]
[Site "Bad Woerishofen"]
[Date "1993.??.??"]
[Round "?"]
[White "Sermek, Drazen"]
[Black "Rasik, Vitezslav"]
[Result "1-0"]
[WhiteElo "2495"]
[BlackElo "2405"]
[PlyCount "99"]
[EventDate "1993.01.??"]
[EventType "team-tourn"]
[EventRounds "7"]
[EventCountry "GER"]
[Source "ChessBase"]
[SourceDate "1993.06.01"]

1. e4 c5 2. c3 e6 3. d4 d5 4. exd5 exd5 5. Be3 c4 6. b3 cxb3 7. axb3 Bf5 8. Nd2
Bd6 9. Ngf3 Nc6 10. Bb5 Nge7 11. Nh4 O-O 12. O-O Qc7 13. h3 a6 14. Nxf5 axb5
15. Qg4 Nxf5 16. Qxf5 Ne7 17. Qd3 Qc6 18. Nf3 f6 19. Rfe1 Rfc8 20. Rxa8 Rxa8
21. Bf4 Bxf4 22. Rxe7 Bd6 23. Re1 Re8 24. Kf1 Ba3 25. Rxe8+ Qxe8 26. Ne1 Qc6
27. Nc2 b4 28. cxb4 Bc1 29. b5 Qe6 30. Qc3 Bf4 31. Qc5 Qe4 32. Ne3 Bxe3 33.
fxe3 h5 34. Kf2 Kh7 35. Qc8 b6 36. Qc6 Qf5+ 37. Ke2 Qe4 38. Kf2 Qf5+ 39. Kg1
Qb1+ 40. Kh2 Qxb3 41. Qxb6 f5 42. Qe6 Qxb5 43. Qxf5+ g6 44. Qf7+ Kh6 45. Qf8+
Kh7 46. Qe7+ Kh6 47. Qe5 Qd7 48. Qh8+ Kg5 49. h4+ Kxh4 50. Qf6+ 1-0

[Event "Mitropa Cup 15th"]
[Site "Bad Woerishofen"]
[Date "1993.??.??"]
[Round "?"]
[White "Sosonko, Gennadi"]
[Black "Garcia Palermo, Carlos H"]
[Result "1-0"]
[WhiteElo "2535"]
[BlackElo "2475"]
[PlyCount "77"]
[EventDate "1993.01.??"]
[EventType "team-tourn"]
[EventRounds "7"]
[EventCountry "GER"]
[Source "ChessBase"]
[SourceDate "1993.06.01"]

1. d4 d5 2. Nf3 Nf6 3. c4 dxc4 4. Qa4+ c6 5. Qxc4 Bf5 6. g3 e6 7. Bg2 Qd5 8.
Qa4 b5 9. Qd1 Bxb1 10. Rxb1 Qxa2 11. Bd2 Be7 12. Ne5 O-O 13. O-O Qa6 14. Qc2
Rc8 15. Rbc1 Qb6 16. Be3 Qd8 17. Bxc6 Nd5 18. Bxa8 Rxc2 19. Rxc2 Nb4 20. Rc3
Na2 21. Rb3 Na6 22. Bc6 N6b4 23. Bxb5 f6 24. Nc6 Nxc6 25. Bxc6 Qc8 26. Bf3 Bb4
27. Rd3 Bd6 28. Rb3 Bb4 29. d5 e5 30. d6 Bxd6 31. Rd1 Bf8 32. Bd5+ Kh8 33. Ra1
Nb4 34. Rxb4 Bxb4 35. Rxa7 Bd6 36. Ra8 Bb8 37. Ba7 Qc1+ 38. Kg2 h5 39. Rxb8+
1-0